Statistics for Ten Letter Words A-Z

Click here to take the quiz!

General Stats

  • This quiz has been taken 55 times
  • The average score is 14 of 26

Answer Stats

HintWord% Correct
Iunable to readilliterate
86%
Jnewspaper reporterjournalist
84%
Hfear of gay peoplehomophobia
82%
Ptreat milk by killing bacteriapasteurize
82%
Ahigh-ranking diplomatambassador
80%
Wsomeone who does nothing but workworkaholic
77%
Bboard game with 15 pieces eachbackgammon
73%
Sstudy of earthquakesseismology
73%
Mpuppet on stringsmarionette
70%
Oscience of childbirthobstetrics
68%
Vanimal with a skeletonvertebrate
68%
Cto go around; bypasscircumvent
66%
LBavarian leather shortslederhosen
66%
Grecord player; phonographgramophone
61%
Zveering left-right-left while movingzigzagging
57%
Qasks the questions on gameshowsquizmaster
55%
KAustralian "laughing" birdkookaburra
48%
Tpercussion instrumenttambourine
48%
Nancient city's cemeterynecropolis
43%
Rearly rock and roll music stylerockabilly
41%
Fto indicate beforehandforeshadow
25%
Eeagerness, excited interestenthusiasm
20%
Dleft speechless; stunneddumbstruck
11%
Xdry climate plant, eg cactus{xerophyt}ic
5%
Ybridge hand with no card over 9yarborough
5%
Uuniversally agreed uponun{disputed}
2%

Score Distribution

Percentile by Number Answered

Percent of People with Each Score

Your Score History

You have not taken this quiz